Vector mechanics for engineers (Record no. 4856)

000 -LEADER
fixed length control field 00594nam a2200217 a 4500
001 - CONTROL NUMBER
control field 4856
003 - CONTROL NUMBER IDENTIFIER
control field BD-DhUET
008 - FIXED-LENGTH DATA ELEMENTS--GENERAL INFORMATION
fixed length control field 840307s1984 nyua 001 0 eng
020 ## - INTERNATIONAL STANDARD BOOK NUMBER
International Standard Book Number 0070044384
040 ## - CATALOGING SOURCE
Original cataloging agency DLC
Transcribing agency DLC
Modifying agency BD-DhUET
082 00 - DEWEY DECIMAL CLASSIFICATION NUMBER
Classification number 620.1
Item number BEE/1984
100 ## - MAIN ENTRY--PERSONAL NAME
Personal name Beer, Ferdinand P.
245 10 - TITLE STATEMENT
Title Vector mechanics for engineers
Remainder of title statics and dynamics
250 ## - EDITION STATEMENT
Edition statement 4th ed.
260 ## - PUBLICATION, DISTRIBUTION, ETC. (IMPRINT)
Place of publication, distribution, etc. New York
Name of publisher, distributor, etc. McGraw-Hill
Date of publication, distribution, etc. 1984
300 ## - PHYSICAL DESCRIPTION
Extent xxi, 926 p.
Other physical details ill.
Dimensions 24 cm.
504 ## - BIBLIOGRAPHY, ETC. NOTE
Bibliography, etc Includes bibliographies
650 #0 - SUBJECT ADDED ENTRY--TOPICAL TERM
Topical term or geographic name as entry element Engineering instruments
700 1# - ADDED ENTRY--PERSONAL NAME
Personal name Johnston, E. Russell
942 ## - ADDED ENTRY ELEMENTS (KOHA)
Koha item type General Book
Holdings
Damaged status Sublocation or collection (holding branch) Koha full call number Koha item type Lost status Copy number Source of classification or shelving scheme Date acquired Location (home branch) Koha issues (times borrowed) Shelving location Koha date last borrowed Koha normalized classification for sorting Piece designation (barcode) Koha date last seen Price effective from Withdrawn status Not for loan
 Central Library, BUET620.1/BEE/1984General Book 1 2014-11-23Central Library, BUET Circulation section 620_100000000000000_BEE_1984660512015-12-082014-11-23  
 Central Library, BUET620.1/BEE/1984General Book 1 2014-11-24Central Library, BUET2Circulation section2022-06-12620_000000000000000_1BEE1984660422022-06-202014-11-24  
 Central Library, BUET620.1/BEE/1984General Book 1 2014-11-29Central Library, BUET4Circulation section2023-01-10620_100000000000000_BEE_1984660862023-06-072014-11-29  
 Central Library, BUET620.1 /BEE/1984General Book 49 2014-12-11Central Library, BUET1Circulation section2025-04-30620_100000000000000_BEE_1984660442025-05-282014-12-11  
 Central Library, BUET620.1/BEE/1984General Book 1 2014-12-11Central Library, BUET Circulation section 620_100000000000000_BEE_1984660122015-02-232014-12-11  
 Central Library, BUET620.1/BEE/1984General Book 6 2015-01-19Central Library, BUET Circulation section 620_100000000000000_BEE_1984660432015-12-222015-01-19  
 Central Library, BUET620.1/BEE/1984General Book 7 2015-02-16Central Library, BUET1Circulation section2022-11-21620_100000000000000_BEE_1984813362022-12-132015-02-16  
 Central Library, BUET620.1/BEE/1984General Book 1 2015-04-01Central Library, BUET1Circulation section2018-04-18620_100000000000000_BEE_1984660482018-04-302015-04-01  
 Central Library, BUET620.1/BEE/1984Reading Item 9 2015-06-21Central Library, BUET Reading section 620_100000000000000_BEE_1984660152015-06-212015-06-21  
 Central Library, BUET620.1/BEE/1984General Book 10 2015-06-22Central Library, BUET Reading section 620_100000000000000_BEE_1984660142015-06-222015-06-22  
 Central Library, BUET620.1/BEE/1984General Book 11 2015-06-22Central Library, BUET Reading section 620_100000000000000_BEE_1984660132015-06-222015-06-22  
 Central Library, BUET620.01/BEE/1984Reading Item 12 2015-06-29Central Library, BUET Reading section 620_010000000000000_BEE_1984660952015-06-292015-06-29  
 Central Library, BUET620.1/BEE/1984General Book 13 2015-07-28Central Library, BUET Circulation section 620_100000000000000_BEE_1984755022015-07-282015-07-28